00878nam a2200241 a 450000100100000000500170001000800410002702000150006804000250008308200210010810000360012924500890016525000110025426000350026530000360030049000300033650400360036670000460040283000370044804900090048595201250049499900170061900002527020200930023655.0110211s1976 sp ac r 000 0 spa d a842395319X aDO-SdBNPbspacBNPHU aNNNbR252P, 19761 aPetit, Pierred1922-200095177810aRavel /cPierre Petit ; traducción del francés por Felipe Ximénez de Sandoval. a2a ed. aMadrid :bEspasa-Calpe,c1976. a126 p. :bil., retrs. ;c18 cm.1 aClásicos de la música aIncluye bibliografía (p. 123)1 aXiménez de Sandoval, Felipeetr.919335 0aClásicos de la música933880 aBNGR 001054708MOaGRbGRcCTd2011-02-11iLF1l0oNNN R252P, 1976p25270-10r2020-06-25w2020-06-25y4ZPréstamo en sala c24763d24763